• 首页
  • 本馆介绍
  • 公告通知
  • 最新文献
  • 馆藏检索
  • 电子资源
  • 读者导购
  • 参考咨询
  • 我的图书馆
  • 登录
  • 详细信息显示
  • 放入我的书架
  • 预约/预借图书
  • 作者相关作品
  • 分类相关作品
  • 丛书相关作品
  • 出版社相关作品

书目信息

  • 表格格式
  • 工作单格式
  • 卡片格式
题名:
音乐微格教学法
    
 
作者: 郁正民 著
分册:  
出版信息: 上海   上海音乐出版社  2004
页数: 240页
开本: 21cm
丛书名:
单 册:
中图分类: J6-42
科图分类:
主题词: 音乐--微格教学--教学法 , 音乐 , 微格教学 , 教学法
电子资源:
ISBN: 7-80667-436-5
000 00797nam0 2200265 450
001 012007991502
005 20070525153854.15
010    @a7-80667-436-5@dCNY18.00
100    @a20070517d2004 km y0chiy0120 ea
101 0  @achi
102    @aCN@b310000
105    @ay z 000yy
106    @ar
200 1  @a音乐微格教学法@Ayin yue wei ge jiao xue fa@f郁正民著@Fyu zheng min zhu
210    @a上海@c上海音乐出版社@d2004
215    @a240页@d21cm
330    @a本书提出了微格教学的概念,阐述音乐课微格教学、音乐课堂教学技能,进行音乐课专题教学提示,并设计了同步思考与练习。
606 0  @a音乐@x微格教学@x教学法
606 0  @a音乐
606 0  @a微格教学
606 0  @a教学法
690    @aJ6-42@v4
701  0 @a郁正民@Ayu zheng min@4著
801  0 @aCN@bRULIN@c20070525
905    @dJ6-42@e425@s8
    
    音乐微格教学法/郁正民著.-上海:上海音乐出版社,2004
    240页;21cm
    
    
    ISBN 7-80667-436-5:CNY18.00
    本书提出了微格教学的概念,阐述音乐课微格教学、音乐课堂教学技能,进行音乐课专题教学提示,并设计了同步思考与练习。
●
相关链接 在E读中查询图书 在五车中查询图书 在当当中查询图书 在豆瓣中查询图书


正题名:音乐微格教学法     索取号:J6-42/425         预约/预借

序号 登录号 条形码 馆藏地/架位号 状态 备注
1 0581278   205812780   第一样本阅览室/ [索取号:J6-42/425] 在馆    
2 0581279   205812799   第一借阅区/ [索取号:J6-42/425] 在馆    
3 0581280   205812806   第一借阅区/ [索取号:J6-42/425] 在馆    
4 0581281   205812815   第一借阅区/ [索取号:J6-42/425] 在馆    
5 0581282   205812824   第一借阅区/ [索取号:J6-42/425] 在馆    
6 0581283   205812833   第一借阅区/ [索取号:J6-42/425] 在馆    
7 0581284   205812842   第一借阅区/ [索取号:J6-42/425] 在馆    
8 0581285   205812851   第一借阅区/ [索取号:J6-42/425] 在馆    
唐山师范学院图书馆 欢迎您!
大连网信软件有限公司© 版权所有